| 000 | 00421nam a2200145Ia 4500 | ||
|---|---|---|---|
| 008 | 210210b2002 xxu||||| |||| 00| 0 eng d | ||
| 020 | _a81 7381 063 X | ||
| 082 | _a657.42 CHAE | ||
| 100 | _aCHAKRABARTHI (A K). | ||
| 245 | _aEssentials of cost accounting: theory and practice. | ||
| 260 |
_aCalcutta _bNew Central Book Agency Private Limited _c2002 |
||
| 300 | _axvi830 | ||
| 690 | _aCost Accounting | ||
| 906 | _a060772 | ||
| 999 |
_c107777 _d107777 |
||